India : (Record no. 124536)

MARC details
000 -LEADER
fixed length control field 00692nam a22002417a 4500
005 - DATE AND TIME OF LATEST TRANSACTION
control field 20170124105940.0
010 ## - LIBRARY OF CONGRESS CONTROL NUMBER
LC control number 302686
020 ## - INTERNATIONAL STANDARD BOOK NUMBER
Terms of availability 10.00
035 ## - SYSTEM CONTROL NUMBER
System control number 302686
037 ## - SOURCE OF ACQUISITION
Source of stock number/acquisition Cen Lib/Ret
040 ## - CATALOGING SOURCE
Original cataloging agency DPL
Language of cataloging EN
082 ## - DEWEY DECIMAL CLASSIFICATION NUMBER
Classification number 915.4
Item number ROY
100 ## - MAIN ENTRY--PERSONAL NAME
Personal name Roy, P. B.
9 (RLIN) 11085
245 ## - TITLE STATEMENT
Title India :
Statement of responsibility, etc by P. B. Roy
Remainder of title a handbook of travel /
250 ## - EDITION STATEMENT
Edition statement 2nd ed
260 ## - PUBLICATION, DISTRIBUTION, ETC. (IMPRINT)
Place of publication, distribution, etc Cacutta
Name of publisher, distributor, etc Saturday Mail Publcations
Date of publication, distribution, etc 1958
270 ## - ADDRESS
City Delhi
Address Motilal Banarasidass Post Box 1586, Bungalow Road
Postal code 110006
300 ## - PHYSICAL DESCRIPTION
Extent 318p.
Dimensions 17cm(Hb)
500 ## - GENERAL NOTE
General note Includes indexes.
650 ## - SUBJECT ADDED ENTRY--TOPICAL TERM
Topical term or geographic name as entry element Geography
9 (RLIN) 91508
650 ## - SUBJECT ADDED ENTRY--TOPICAL TERM
Topical term or geographic name as entry element Indian Geography
9 (RLIN) 11087
942 ## - ADDED ENTRY ELEMENTS (KOHA)
Source of classification or shelving scheme Dewey Decimal Classification
Koha item type English Books
Classification part 915.4
Call number suffix ROY
Holdings
Withdrawn status Lost status Damaged status Not for loan Home library Current library Date acquired Source of acquisition Cost, normal purchase price Total Checkouts Full call number Barcode Date last seen Copy number Cost, replacement price Price effective from Koha item type
        Central Library Central Library 16/06/2015 Cen Lib/Ret 0.00   915.4 ROY 302686 16/06/2015 1 0.00 16/06/2015 English Books

© Delhi Public Library
Hit Counter
free hit counter